Responses for Show #6251 - Monday, November 21, 2011

Contestants

[<< previous game]

Caroline Wilkins, an arts writing university teacher from Silver Spring, Maryland

Francis Lansangan, a military analyst from Virginia Beach, Virginia

Morgan Polikoff, a professor of education policy originally from Hinsdale, Illinois (whose 1-day cash winnings total $25,000)

[next game >>]

Jeopardy! Round responses

HERE'S THE PITCH
(Alex: We'll give you the pitch, you ID the product.)
TAKING A PEAK AT THE STATE
NEED A "LIFT"?
COMIC STRIP DOGS
PICK A CARD
AUSTRALIAN ANIMALS
    $200 1
Meow Mix

Morgan
    $200 26
Wyoming

Morgan
    $200 6
a shoplifter

Caroline
    $200 13
Snoopy

Francis
    $200 11
(Morgan: What's [*] of spades?)
(Caroline: What's [*] of hearts?)
(Francis: What's [*] of clubs?)
...
(Alex: All three of you gave us too much information. It's just [*]. Just [*]. Not a specific queen. Morgan, back to you.)

the queen

MorganFrancisCaroline
Triple Stumper
    $200 16
eucalyptus

Morgan
    $400 2
Sure

Francis
    $400 27
Indiana

Morgan
    $400 7
a forklift

Morgan
    $400 14
Odie

Morgan
    $400 12
tarot

Francis
    $400 18
Tasmania

Francis
    $600 3
Southwest

Morgan
    $600 28
Colorado

Francis
    $600 8
weightlifting

Morgan
    $600 23
Marmaduke

Francis
    $600 15
a jack

Francis
    $600 19
a wombat

Caroline
    $800 4
Jeep

Caroline
    $800 29
Utah

Morgan
    $800 9
Montgomery Clift

Francis
    $800 24
Sandy

Francis
    $800 17
an ace

Francis
    $800 20
a wallaby

Francis
    $1000 5
Club Med

Caroline
    $1000 30
California

Morgan
    $1000 10
liftoff

Morgan
    $1000 25
Hagar the Horrible

Francis
    $3,000 22
the king of diamonds

Francis
    $1000 21
the echidna

Francis

Scores at the first commercial break (after clue 15):

Morgan Francis Caroline
$3,000 $2,200 $1,800

Scores at the end of the Jeopardy! Round:

Morgan Francis Caroline
$5,600 $11,200 $2,400

Double Jeopardy! Round responses

THE U.S. AIR FORCE
TV THEME LYRICS
NICKNAMES
THE THEAT-"R"
5 CONSONANTS IN A ROW
TAKE THE DAY OFF
    $400 6
"the wild blue yonder"

Francis
    $400 11
The Addams Family

Morgan
    $400 16
Lindbergh

Francis
    $400 21
Rent

Francis
    $400 26
a birthstone

Morgan
    $400 1
Lenin

Caroline
    $5,000 7
(Francis: What's the Marshall Plan?)

the Berlin Airlift

Francis
    $800 12
The Sopranos

Morgan
    $800 17
Florence Griffith Joyner

Francis
    $800 22
Rosencrantz & Guildenstern

Morgan
    $5,000 28
heartstrings

Caroline
    $800 2
Tet

Morgan
    $1200 8
laser

Francis
    $1200 13
The Brady Bunch

Morgan
    $1200 18
Calamity Jane

Francis
    $1200 24
Ragtime

Francis
    $1200 27
offscreen

Caroline
    $1200 3
Maundy Thursday

Francis
    $1600 9
(Francis: What is NORAD?)

the Air National Guard

FrancisCaroline
    $1600 14
CSI

Francis
    $1600 19
Robert Burns

Francis
    $1600 23
rhinoceros

Francis
    $1600 29
a backsplash

Morgan
    $1600 4
dolls

Caroline
    $2000 10
the warthog

Francis
    $2000 15
(Francis: What is CSI?)

CSI: Miami

Francis
Triple Stumper
    $2000 20
a sparrow

Caroline
    $2000 25
R.U.R.

Triple Stumper
    $2000 30
nightshade

Francis
    $2000 5
San Jacinto

Francis

Scores at the end of the Double Jeopardy! Round:

Morgan Francis Caroline
$11,600 $20,200 $14,200

[wagering suggestions for these scores]

Final Jeopardy! Round responses

MOVIE CHARACTERS
(Alex: One of his most famous lines--"Your father he is.")
MorganWho is Yoda?
$2,600
CarolineWho is Methusela?
$13,000
FrancisWho is Yoda?
$8,201
Yoda

Final scores:

Morgan Francis Caroline
$14,200 $28,401 $1,200
2nd place: $2,000 New champion: $28,401 3rd place: $1,000

Game dynamics:

Coryat scores:

Morgan Francis Caroline
$11,600 $23,200 $10,000
18 R,
1 W
28 R
(including 1 DD),
4 W
(including 1 DD)
10 R
(including 1 DD),
1 W

Combined Coryat: $44,800

[game clues] [game scores] [suggest correction]

Game tape date: 2011-10-10
The J! Archive is created by fans, for fans. Scraping, republication, monetization, and malicious use prohibited; this site may use cookies and collect identifying information. See terms. The Jeopardy! game show and all elements thereof, including but not limited to copyright and trademark thereto, are the property of Jeopardy Productions, Inc. and are protected under law. This website is not affiliated with, sponsored by, or operated by Jeopardy Productions, Inc. Join the discussion at JBoard.tv.